| 000 | 00869cam a22003013a 4500 | ||
|---|---|---|---|
| 001 | 18179 | ||
| 003 | PGUSA | ||
| 005 | 20140828083403.0 | ||
| 008 | 060415s2006||||xxu|||||s|||||000 | eng d | ||
| 040 |
_aPGUSA _beng |
||
| 042 | _adc | ||
| 050 | 4 | _aPR | |
| 100 | 1 |
_aShakespeare, William, _d1564-1616 |
|
| 245 | 1 | 0 |
_aOthello _h[electronic resource] / _cWilliam Shakespeare |
| 260 |
_bProject Gutenberg, _c2006 |
||
| 506 | _aPublic domain in the USA. | ||
| 516 | _aElectronic text | ||
| 653 | _aOthello (Fictitious character) -- Drama | ||
| 653 | _aJealousy -- Drama | ||
| 653 | _aInterracial marriage -- Drama | ||
| 653 | _aTragedies | ||
| 653 | _aMuslims -- Drama | ||
| 653 | _aVenice (Italy) -- Drama | ||
| 700 | 1 |
_aGuizot, François, _d1787-1874 |
|
| 830 | 0 |
_aProject Gutenberg _v18179 |
|
| 856 | 4 | 0 | _uhttp://www.gutenberg.org/ebooks/18179 |
| 942 | _cEB | ||
| 999 |
_c247434 _d247434 |
||